Land vs. Land #56 - Statistiken

Allgemein
  • Dieses Quiz wurde 24 mal gespielt
  • Das Durchschnittsergebnis liegt bei 9 aus 14
Antwortstatistiken
Frage Antwort % Korrekt
...Frieden? Kosovo🇽🇰
100%
...Fläche? Ukraine🇺🇦
100%
...Bruttoinlandsprodukt? Ukraine🇺🇦
100%
...Militär? Ukraine🇺🇦
100%
...Einwohner? Ukraine🇺🇦
95%
...Exportmengen? Ukraine🇺🇦
95%
...durchschnittlicher IQ? Ukraine🇺🇦
84%
...Happy Planet Index? Kosovo🇽🇰
63%
...Lebenserwartung? Kosovo🇽🇰
58%
...HDI (Human Development Index)? Kosovo🇽🇰
42%
...Tourismus? Kosovo🇽🇰
32%
...Bruttoinlandsprodukt pro Kopf? Kosovo🇽🇰
26%
...Gesundheitswesen? Kosovo🇽🇰
21%
...Gewinner? Kosovo🇽🇰
16%
Keine übereinstimmenden Quizze gefunden
Verteilung der Resultate
Anzahl Personen mit jedem Resultat
Perzentil nach korrekt beantworteten Fragen
Ihre Resultats-Entwicklung
Sie haben dieses Quiz noch nicht gespielt